Statistics for Ten Closest European Capitals to 0° 0°

Click here to take the quiz!

General Stats

  • This quiz has been taken 18 times
  • The average score is 9 of 10

Answer Stats

DistanceCity% Correct
4872 kmAthens
100%
4405 kmLisbon
100%
4506 kmMadrid
100%
4825 kmRome
100%
4728 kmAndorra la Vella
94%
5038 kmSan Marino
94%
5010 kmTirana
94%
4263 kmValletta
94%
4918 kmMonaco
82%
4824 kmVatican City
82%

Score Distribution

Percentile by Number Answered

Percent of People with Each Score

Your Score History

You have not taken this quiz